The collected works of C. G. Jung / (Record no. 30895)
[ view plain ]
| 000 -LEADER | |
|---|---|
| fixed length control field | 03217cam a2200529 a 4500 |
| 001 - CONTROL NUMBER | |
| control field | 30895 |
| 003 - CONTROL NUMBER IDENTIFIER | |
| rucl marc code | BD-RjUL |
| 005 - DATE AND TIME OF LATEST TRANSACTION | |
| control field | 20211209051630.0 |
| 008 - FIXED-LENGTH DATA ELEMENTS--GENERAL INFORMATION | |
| fixed length control field | 140412m1964 enka b 001 0 eng d |
| 035 ## - SYSTEM CONTROL NUMBER | |
| System control number | (BD-RjUL)30982 |
| 040 ## - CATALOGING SOURCE | |
| Original cataloging agency | GTX |
| Transcribing agency | GTX |
| Modifying agency | UMC |
| -- | OCL |
| -- | BD-RjUL |
| Language of cataloging | eng |
| 041 1# - LANGUAGE CODE | |
| Language code of text/sound track or separate title | engger |
| 082 ## - DEWEY DECIMAL CLASSIFICATION NUMBER | |
| Classification number | 131.3462 |
| Author mark and year | JUC V-10 1964 |
| 090 ## - LOCALLY ASSIGNED LC-TYPE CALL NUMBER (OCLC); LOCAL CALL NUMBER (OCLC) | |
| Classification number (OCLC) (R) ; Classification number, CALL (RLIN) (NR) | BF23 |
| Local cutter number (OCLC) ; Book number/undivided call number, CALL (RLIN) | .J763 |
| 100 1# - MAIN ENTRY--PERSONAL NAME | |
| Personal name | Jung, C. G. |
| Fuller form of name | (Carl Gustav), |
| Dates associated with a name | 1875-1961. |
| 9 (RLIN) | 5179 |
| 245 14 - TITLE STATEMENT | |
| Title | The collected works of C. G. Jung / |
| Statement of responsibility, etc. | editors: Sir Herbert Read, Michael Fordham, Gerhard Adler ; William Mcguire, executive editor ; translated by R.F.C. Hull. |
| Number of part/section of a work | VOLUME 10 |
| Name of part/section of a work | CIVILIZATION IN TRANSTION. |
| 260 ## - PUBLICATION, DISTRIBUTION, ETC. (IMPRINT) | |
| Place of publication, distribution, etc. | London : |
| Name of publisher, distributor, etc. | Routledge & K. Paul, |
| Date of publication, distribution, etc. | 1964. |
| 300 ## - PHYSICAL DESCRIPTION | |
| Pagination | xii ,617 p. : |
| Illustrations | ill. ; |
| Size | 24 cm. |
| 500 ## - GENERAL NOTE | |
| General note | Contains new translations of the majority of Jung's writings and also works originally written in English. |
| General note | Edition varies. |
| 504 ## - BIBLIOGRAPHY, ETC. NOTE | |
| Bibliography, etc | Includes bibliographical references and indexes. |
| 505 0# - FORMATTED CONTENTS NOTE | |
| Formatted contents note | Vol. 1. Psychiatric studies. -- v. 2. Experimental researches / translated by Leopold Stein in collaboration with Diana Riviere. -- v. 3. The psychogenesis of mental disease. -- v. 4. Freud and psychoanalysis. -- v. 5. Symbols of transformation : an analysis of the prelude to a case of schizophrenia. -- v. 6. Psychological types / a revision by R.F.C. Hull of the translation by H.G. Baynes. -- v. 7. Two essays on analytical psychology. -- v. 8. The structure and dynamics of the psyche. -- v. 9, pt. 1. The archetypes and the collective unconscious. pt. 2. Aion: researches into the phenomenology of the self. -- v. 10. Civilization in transition. -- v. 11. Psychology and religion : West and East. -- v. 12. Psychology and alchemy. -- v. 13. Alchemical studies. -- v. 14. Mysterium coniunctionis. -- v. 15. The spirit in man, art, and literature. -- v. 16. The practice of psychotherapy. -- v. 17. The development of personality. -- v. 18. The symbolic life : Miscellaneous writings. -- v. 19. General bibliography of C.G. Jung's writings / compiled by Lisa Ress with collaborators. -- v. 20. General index to the collected works of C.G. Jung / compiled by Barbara Forryan and Janet M. Glover. |
| 650 #0 - SUBJECT ADDED ENTRY--TOPICAL TERM | |
| Topical term or geographic name as entry element | Psychoanalysis. |
| 9 (RLIN) | 93864 |
| 700 1# - ADDED ENTRY--PERSONAL NAME | |
| Personal name | Read, Herbert, |
| Dates associated with a name | 1893-1968. |
| Personal name | Fordham, Michael, |
| Dates associated with a name | 1905- |
| Personal name | Adler, Gerhard, |
| Dates associated with a name | 1904- |
| Personal name | McGuire, William, |
| Dates associated with a name | 1917-2009. |
| Personal name | Hull, R. F. C. |
| Fuller form of name | (Richard Francis Carrington), |
| Dates associated with a name | 1913-1974. |
| Personal name | Stein, Leopold, |
| Dates associated with a name | 1894-1969. |
| Personal name | Riviere, Diana. |
| Personal name | Baynes, H. G. |
| Fuller form of name | (Helton Godwin), |
| Dates associated with a name | 1882-1943. |
| Personal name | Ress, Lisa. |
| Personal name | Forryan, Barbara. |
| Personal name | Glover, Janet M. |
| 942 ## - ADDED ENTRY ELEMENTS (KOHA) | |
| Source of classification or shelving scheme | Dewey Decimal Classification |
| Koha item type | Books |
| Lost status | Source of classification or shelving scheme | Damaged status | Not for loan | Collection code | Permanent Location | Current Location | Shelving location | Date acquired | Source of acquisition | Cost, normal purchase price | Total Checkouts | Full call number | Date last seen | Copy number | Koha item type |
|---|---|---|---|---|---|---|---|---|---|---|---|---|---|---|---|
| Dewey Decimal Classification | Not For Loan | Non-fiction | Central Library, University of Rajshahi | Central Library, University of Rajshahi | Reading Room | 08/07/1968 | Sweet + Zeitlinger | 50.00 | 131.3462 JUC V-10 1964 | 12/04/2014 | C-1 | Books |